006560000a22002050004500003001100000005001700011008004100028020001500069040003900084041000800123082001600131100002200147245006800169260003400237300004400271650002200315942000700337952009100344999001500435LK-CoMWRAF20231106125606.0230817t2006 ||||| |||| 00| 0 eng d a9551266137 aLK-CoMWRAFdLK-CoMWRAFeLK-CoMWRAF aeng a954.93bYOG aYogasundram, Nath aA Comprehensive History of Sri Lanka from Prehistory to Tsunami aColombo:bVijitha Yapa,c2006 a375 p.bBibliography and index included aSRI LANKA-History cBK 00104070aMAINbMAINd2023-08-17l0o954.93 YOGpRAF1966r2023-08-17w2023-08-17yBK c1211d1211